00729cam a2200205 a 4500001000800000005001700008008004100025010001700066020002600083040001800109043001200127050002400139100003300163245009200196260004800288300004100336440005000377504006600427650003000493251001820170130123707.0920313s1991 enka b 001 0 eng  a 92130831  a0571154336 :c£95.00 aDLCcDLCdDLC aa-cc---00aNK4165.2b.W37 19911 aWatson, William,d1917-2007.10aPre-Tang ceramics of China :bChinese pottery from 4000 BC to 600 AD /cWilliam Watson. aLondon ;aBoston :bFaber and Faber,c1991. a237 p. :bill. (some col.) ;c26 cm. 4aThe Faber monographs on pottery and porcelain aIncludes bibliographical references (p. [231]-232) and index. 0aPottery, ChineseyTo 618.